000 00561nam a22002057a 4500
003 OSt
005 20180319142655.0
008 180319b xxu||||| |||| 00| 0 eng d
020 _a9780071324632
040 _cDDC
082 _a338.04 SPI 2012
100 _aSpinelli, Stephen; Adams, Robert
_912541
245 _aNew Venture Creation Enterprenuership for 21st Century.
250 _a9th ed.
260 _aNew York; McGraw-Hill, 2012
300 _axx,588p; ill: 28cm
504 _aIndex included
650 _a Enterprenuership
_97734
942 _2z
_cB_BANK
999 _c6052
_d6052